[Event "BL 1516 Erfurter SK - Schachfr. Berlin"]
[Site "?"]
[Date "2015.12.12"]
[Round "3.2"]
[White "Vovk, Andrey"]
[Black "Schneider, Ilja"]
[Result "1-0"]
[WhiteElo "2617"]
[BlackElo "2495"]
[PlyCount "79"]
[EventDate "2015.??.??"]

1. e4 d6 2. d4 Nf6 3. Nc3 e5 4. Nf3 exd4 5. Nxd4 Be7 6. g3 O-O 7. Bg2 Nc6 8.
Nde2 Re8 9. O-O Bf8 10. h3 Bd7 11. g4 g6 12. Be3 Bg7 13. Qd2 b5 14. Ng3 b4 15.
Nce2 Rb8 16. Rad1 Re5 17. f4 Ra5 18. e5 Ne8 19. a3 Qc8 20. axb4 Nxb4 21. c3 Nc6
22. Ne4 Ra2 23. Rb1 Na5 24. Ng5 Nc4 25. Qd5 Be6 26. Nxe6 Qxe6 27. Bc1 dxe5 28.
fxe5 Bxe5 29. Nf4 Qxd5 30. Nxd5 Bd6 31. b4 a5 32. Bh6 axb4 33. Rfe1 Bf8 34.
Ne7+ Bxe7 35. Rxe7 c5 36. cxb4 Ned6 37. Bd5 Ra4 38. Rf1 Raxb4 39. Bxf7+ Kh8 40.
Bd5 1-0

[Event "BL 1516 Erfurter SK - Schachfr. Berlin"]
[Site "?"]
[Date "2015.12.12"]
[Round "3.3"]
[White "Mista, Aleksander"]
[Black "Mihok, Oliver"]
[Result "1-0"]
[WhiteElo "2567"]
[BlackElo "2511"]
[PlyCount "97"]
[EventDate "2015.??.??"]

1. e4 e5 2. Nf3 Nc6 3. Bb5 a6 4. Ba4 Nf6 5. O-O Be7 6. d3 d6 7. c3 O-O 8. Re1
b5 9. Bc2 d5 10. Nbd2 dxe4 11. dxe4 Be6 12. Bb3 Bxb3 13. axb3 Qd3 14. Re3 Qd6
15. Ne1 Qe6 16. Rd3 a5 17. Qe2 Bc5 18. h3 Ne7 19. Rg3 c6 20. Nd3 Bb6 21. Nf3
Ng6 22. Be3 Bxe3 23. Qxe3 Qxb3 24. Nfxe5 Rfe8 25. Nxg6 hxg6 26. e5 Nd7 27. h4
Qd5 28. Re1 c5 29. Qg5 Nf8 30. h5 Ne6 31. Qg4 g5 32. f4 c4 33. Nf2 Qd2 34. Rge3
gxf4 35. R3e2 Qd5 36. Qf5 Nc5 37. Ng4 Ra6 38. h6 Qe6 39. Qxf4 Qg6 40. hxg7 Kxg7
41. Rf1 Nd3 42. Qf3 Rh8 43. Ne3 Qh5 44. Nf5+ Kg8 45. g4 Nxe5 46. gxh5 Nxf3+ 47.
Rxf3 Rxh5 48. Rg3+ Kf8 49. Ng7 1-0

[Event "BL 1516 Erfurter SK - Schachfr. Berlin"]
[Site "?"]
[Date "2015.12.12"]
[Round "3.4"]
[White "Braeuer, Franz"]
[Black "Piorun, Kacper"]
[Result "0-1"]
[WhiteElo "2428"]
[BlackElo "2637"]
[PlyCount "84"]
[EventDate "2015.??.??"]

1. e4 e6 2. d4 d5 3. Nc3 Bb4 4. e5 Ne7 5. a3 Bxc3+ 6. bxc3 c5 7. Qg4 cxd4 8.
Bd3 Qa5 9. Ne2 O-O 10. Bd2 dxc3 11. Bxc3 Qd8 12. h4 Nd7 13. Nf4 Qc7 14. Kd2 d4
15. Bxd4 Nf5 16. Bxf5 exf5 17. Qe2 Nc5 18. Bxc5 Qxc5 19. Qe3 Rd8+ 20. Ke2 Qxc2+
21. Kf3 Bd7 22. Kg3 Qe4 23. Qxe4 fxe4 24. Nd5 Kf8 25. Kf4 Bc6 26. Nb4 Ba4 27.
Rhc1 a5 28. Na2 Rd4 29. Nc3 Bc6 30. Ne2 Rd2 31. Ke3 Rd3+ 32. Kf4 Rad8 33. Rc3
Ke7 34. Rac1 Rxc3 35. Nxc3 Rd4 36. Re1 Ke6 37. Nxe4 Bxe4 38. Rxe4 Kd5 39. Rxd4+
Kxd4 40. a4 Kd5 41. h5 b5 42. h6 gxh6 0-1

[Event "BL 1516 Erfurter SK - Schachfr. Berlin"]
[Site "?"]
[Date "2015.12.12"]
[Round "3.5"]
[White "Jakubowski, Krzysztof"]
[Black "Machelett, Heiko"]
[Result "1/2-1/2"]
[WhiteElo "2575"]
[BlackElo "2407"]
[PlyCount "105"]
[EventDate "2015.??.??"]

1. e4 e6 2. d4 d5 3. Nc3 Bb4 4. e5 c5 5. a3 Ba5 6. b4 cxd4 7. Nb5 Bc7 8. f4 Bd7
9. Nf3 Nh6 10. Nbxd4 a6 11. Bd3 Bb6 12. Bb2 Nc6 13. Qe2 Rc8 14. c3 Nxd4 15.
cxd4 Ba4 16. O-O Qd7 17. Rac1 O-O 18. g4 Bb5 19. h3 Kh8 20. Rxc8 Rxc8 21. Rc1
Bxd3 22. Qxd3 Bd8 23. Kf2 Ng8 24. Rxc8 Qxc8 25. Qc3 Qd7 26. Qc2 Ne7 27. Bc1 Nc6
28. f5 Kg8 29. fxe6 fxe6 30. Be3 Be7 31. h4 Qe8 32. h5 g6 33. hxg6 Qxg6 34.
Qxg6+ hxg6 35. Ke2 Kf7 36. Kd3 b5 37. Bd2 Na7 38. Kc3 Bd8 39. Kb3 Nc6 40. a4
Bb6 41. axb5 axb5 42. Kc3 Bd8 43. Bg5 Be7 44. Bxe7 Kxe7 45. Ne1 Kf7 46. Nd3 g5
47. Nc5 Na7 48. Nb7 Nc8 49. Nd8+ Ke7 50. Nc6+ Kd7 51. Nb8+ Kc7 52. Na6+ Kd7 53.
Nc5+ 1/2-1/2

[Event "BL 1516 Erfurter SK - Schachfr. Berlin"]
[Site "?"]
[Date "2015.12.12"]
[Round "3.6"]
[White "Enders, Peter"]
[Black "Lauber, Arnd"]
[Result "1-0"]
[WhiteElo "2454"]
[BlackElo "2433"]
[PlyCount "101"]
[EventDate "2015.??.??"]

1. b3 Nf6 2. Bb2 d5 3. Nf3 g6 4. g3 Bg7 5. Bg2 O-O 6. O-O c5 7. c4 d4 8. Re1
Nc6 9. e4 e5 10. d3 Ne8 11. a3 f5 12. exf5 gxf5 13. Nbd2 a5 14. Nh4 Nd6 15.
Bd5+ Kh8 16. Qh5 Ne7 17. f4 Nxd5 18. Ng6+ Kg8 19. Nxf8 Nf6 20. Qh4 Qxf8 21.
fxe5 Ng4 22. exd6 Bf6 23. Qh5 Bd7 24. Nf3 Qf7 25. Qxf7+ Kxf7 26. Bc1 Bc6 27.
Ng5+ Kg6 28. Ne6 Ne5 29. Rxe5 Bxe5 30. Bf4 Kf6 31. Re1 Bxf4 32. Nxf4 Re8 33.
Nd5+ Kf7 34. Ne7 Kf6 35. Rf1 Bd7 36. Nxf5 Bxf5 37. g4 Re3 38. Rxf5+ Ke6 39.
Rxc5 Rxd3 40. Rxa5 Rxb3 41. Rd5 Kd7 42. Rxd4 Rxa3 43. c5 Ra5 44. Rb4 Kc8 45.
Rc4 Rb5 46. Kg2 Kd8 47. Kg3 b6 48. c6 Rd5 49. c7+ Kc8 50. Rc6 b5 51. Rb6 1-0

[Event "BL 1516 Erfurter SK - Schachfr. Berlin"]
[Site "?"]
[Date "2015.12.12"]
[Round "3.7"]
[White "Baldauf, Marco"]
[Black "Voekler, Bernd"]
[Result "1-0"]
[WhiteElo "2405"]
[BlackElo "2352"]
[PlyCount "121"]
[EventDate "2015.??.??"]

1. d4 Nf6 2. c4 g6 3. Nc3 Bg7 4. e4 d6 5. f3 O-O 6. Nge2 c5 7. Be3 cxd4 8. Nxd4
Nc6 9. Qd2 Nxd4 10. Bxd4 Bd7 11. Be2 Bc6 12. O-O a5 13. b3 Nd7 14. Be3 Nc5 15.
Rab1 Qb6 16. Rfc1 Rfc8 17. Rc2 Qd8 18. Bf1 h5 19. a3 Kh7 20. Kh1 Qf8 21. Nd5 a4
22. b4 Nb3 23. Qf2 Bxd5 24. exd5 Qh8 25. Rd1 Na1 26. Ra2 Nb3 27. f4 f5 28. Rc2
Na1 29. Ra2 Nb3 30. h3 Bf6 31. Rc2 Na1 32. Ra2 Nb3 33. g3 Rc7 34. Bb6 Rcc8 35.
Be3 Rc7 36. Bb6 Rcc8 37. Re1 Re8 38. Rae2 Qg7 39. Rd1 Rac8 40. Rc2 Na1 41. Ra2
Nb3 42. Qe3 Qf7 43. Qd3 Bg7 44. Rh2 e5 45. dxe6 Rxe6 46. Rc2 Qe7 47. Bf2 Re8
48. Kg1 h4 49. Bg2 Qf8 50. gxh4 Bh6 51. Bd5 Re4 52. Bxe4 fxe4 53. Qxd6 e3 54.
Be1 Qf7 55. Rg2 Bxf4 56. Qd7 Re7 57. Qg4 Be5 58. Rd5 b5 59. h5 gxh5 60. Qe4+
Kh6 61. Rxe5 1-0

[Event "BL 1516 Erfurter SK - Schachfr. Berlin"]
[Site "?"]
[Date "2015.12.12"]
[Round "3.8"]
[White "Casper, Thomas"]
[Black "Polzin, Rainer"]
[Result "1/2-1/2"]
[WhiteElo "2382"]
[BlackElo "2416"]
[PlyCount "73"]
[EventDate "2015.??.??"]

1. e4 g6 2. d4 Bg7 3. Nf3 d6 4. Be2 Nf6 5. Nc3 O-O 6. O-O c5 7. dxc5 dxc5 8.
Qxd8 Rxd8 9. Be3 b6 10. Rad1 Nc6 11. Rxd8+ Nxd8 12. Bg5 Bb7 13. e5 Ng4 14. Bxe7
Nxe5 15. Nxe5 Bxe5 16. Re1 Nc6 17. Bf3 Bxc3 18. bxc3 Re8 19. Bxc6 Bxc6 20. f3
Ba4 21. Bh4 Rxe1+ 22. Bxe1 Bxc2 23. Bg3 c4 24. Bb8 a6 25. Kf2 Kf8 26. Ke3 Ke7
27. Bc7 b5 28. a3 Bd3 29. h4 Ke6 30. g3 h5 31. Kf4 Be2 32. Bd8 Bd1 33. Bc7 Kd7
34. Bb6 Ke6 35. Bc7 Kd5 36. Bd8 Ke6 37. Ke4 1/2-1/2

[Event "BL 1516 OSG Baden Baden - SK Nordersted"]
[Site "?"]
[Date "2015.12.13"]
[Round "4.1"]
[White "Olszewski, Michal"]
[Black "Wojtaszek, Radoslaw"]
[Result "0-1"]
[WhiteElo "2542"]
[BlackElo "2723"]
[PlyCount "76"]
[EventDate "2015.??.??"]

1. d4 Nf6 2. c4 e6 3. Nf3 d5 4. Nc3 Bb4 5. Qa4+ Nc6 6. Bg5 dxc4 7. a3 Bxc3+ 8.
bxc3 Qd5 9. Bxf6 gxf6 10. Qc2 f5 11. g3 b6 12. Bg2 Bb7 13. O-O O-O-O 14. Rfe1
Kb8 15. Rab1 f6 16. Qa4 Ne7 17. Nh4 Qd7 18. Qxc4 Ng6 19. Bxb7 Kxb7 20. Ng2 h5
21. e4 h4 22. exf5 exf5 23. Qe6 Qh7 24. Qxf5 hxg3 25. fxg3 Qxh2+ 26. Kf2 Qh6
27. Qf3+ Kb8 28. a4 Rdf8 29. Re6 Qg5 30. Kg1 Ne5 31. dxe5 fxe5 32. Qd3 Qg4 33.
Rg6 Qh3 34. Nh4 Rxh4 35. Rbxb6+ axb6 36. Rxb6+ cxb6 37. Qd6+ Kb7 38. Qd5+ Ka7
0-1

[Event "BL 1516 OSG Baden Baden - SK Nordersted"]
[Site "?"]
[Date "2015.12.13"]
[Round "4.2"]
[White "Svidler, Peter"]
[Black "Trent, Lawrence"]
[Result "1-0"]
[WhiteElo "2751"]
[BlackElo "2452"]
[PlyCount "53"]
[EventDate "2015.??.??"]

1. e4 c5 2. Nf3 d6 3. Bb5+ Nd7 4. c3 Ngf6 5. Qe2 a6 6. Ba4 b5 7. Bc2 Bb7 8. O-O
c4 9. b3 g5 10. bxc4 g4 11. Nd4 bxc4 12. Na3 Nc5 13. Nxc4 e6 14. Ba3 d5 15. Ne5
Nfxe4 16. f3 gxf3 17. Qxf3 Qc7 18. Nxf7 Rg8 19. Qh5 Kd7 20. Ne5+ Kc8 21. Qe8+
Qd8 22. Qxd8+ Kxd8 23. Bxe4 dxe4 24. Rxf8+ Rxf8 25. Bxc5 Rg8 26. Rb1 Bc8 27.
Rf1 1-0

[Event "BL 1516 OSG Baden Baden - SK Nordersted"]
[Site "?"]
[Date "2015.12.13"]
[Round "4.3"]
[White "Bekker-Jensen, Simon"]
[Black "Shirov, Alexei"]
[Result "0-1"]
[WhiteElo "2449"]
[BlackElo "2676"]
[PlyCount "98"]
[EventDate "2015.??.??"]

1. e4 c5 2. Nf3 Nc6 3. Bb5 e6 4. O-O Nge7 5. c3 a6 6. Ba4 b5 7. Bc2 Bb7 8. Re1
c4 9. a4 Ng6 10. axb5 axb5 11. Rxa8 Qxa8 12. d4 cxd3 13. Bxd3 b4 14. e5 Qa5 15.
Be4 Bc5 16. Be3 bxc3 17. Bxc5 Qxc5 18. Nxc3 Qb4 19. Qa4 Qxa4 20. Nxa4 Ke7 21.
Nc5 Ba8 22. h4 Nb4 23. g3 Rc8 24. Bxa8 Rxc5 25. Re3 Ra5 26. Bb7 Rb5 27. Ba8 Ra5
28. Bb7 Rb5 29. Ba8 Na6 30. h5 Nf8 31. b3 Nc5 32. Nd2 h6 33. Kf1 d5 34. exd6+
Kxd6 35. Bf3 Nfd7 36. Nc4+ Ke7 37. Bd1 Nf6 38. Ne5 Nd5 39. Rf3 f5 40. g4 Ne4
41. Ke1 Nb4 42. Ng6+ Kf6 43. gxf5 exf5 44. Nf4 Ra5 45. Nd3 Nc6 46. Re3 Ra1 47.
Nb2 Nb4 48. Re2 Rb1 49. Kf1 Nc6 0-1

[Event "BL 1516 OSG Baden Baden - SK Nordersted"]
[Site "?"]
[Date "2015.12.13"]
[Round "4.4"]
[White "Bacrot, Etienne"]
[Black "Kopylov, Michael"]
[Result "1-0"]
[WhiteElo "2692"]
[BlackElo "2404"]
[PlyCount "69"]
[EventDate "2015.??.??"]

1. Nf3 d5 2. g3 Nf6 3. Bg2 g6 4. c4 Bg7 5. cxd5 Nxd5 6. d4 Nb6 7. Nc3 Nc6 8. e3
e5 9. d5 Ne7 10. e4 c6 11. d6 Ng8 12. O-O f6 13. b3 Nh6 14. Ba3 Nf7 15. Qd3 Be6
16. Rad1 Qd7 17. Nh4 O-O 18. f4 Bg4 19. Rd2 Rfd8 20. Nd1 Bf8 21. Nf2 Be6 22.
Rfd1 Bh6 23. Qf3 Qe8 24. Ng4 Bxg4 25. Qxg4 Nd7 26. Nf5 Kh8 27. Nxh6 Nxh6 28.
Qh4 Kg7 29. Bh3 Nf7 30. Rf1 exf4 31. gxf4 a5 32. Bb2 Qxe4 33. Bxd7 Qe3+ 34.
Rdf2 g5 35. Qh3 1-0

[Event "BL 1516 OSG Baden Baden - SK Nordersted"]
[Site "?"]
[Date "2015.12.13"]
[Round "4.5"]
[White "Krause, Benedict"]
[Black "Naiditsch, Arkadij"]
[Result "0-1"]
[WhiteElo "2304"]
[BlackElo "2698"]
[PlyCount "96"]
[EventDate "2015.??.??"]

1. e4 e5 2. Nf3 Nc6 3. Bc4 Nf6 4. d3 Be7 5. O-O O-O 6. Re1 d6 7. a4 Kh8 8. h3
Nd7 9. Nc3 Nb6 10. Bb3 Na5 11. Ba2 c5 12. Nd5 Nxd5 13. Bxd5 f5 14. c3 Nc6 15.
d4 fxe4 16. Rxe4 exd4 17. cxd4 Nb4 18. Be6 d5 19. Re2 c4 20. Bd2 Nd3 21. b3 Bf6
22. Rb1 Bxe6 23. Rxe6 Rc8 24. Qe2 Qd7 25. bxc4 dxc4 26. Re4 Qxa4 27. Rxb7 Qa6
28. Rb1 Qa2 29. Rf1 Qc2 30. Ne5 Bxe5 31. dxe5 c3 32. Bc1 Qxe2 33. Rxe2 Rfe8 34.
f4 Kg8 35. e6 c2 36. f5 Rc3 37. g4 Rb8 38. Kg2 h6 39. h4 Rcc8 40. g5 hxg5 41.
hxg5 Rb1 42. f6 gxf6 43. gxf6 Rxc1 44. f7+ Kg7 45. f8=Q+ Rxf8 46. Rxc1 Rc8 47.
Rcxc2 Rxc2 48. Rxc2 Ne1+ 0-1

[Event "BL 1516 OSG Baden Baden - SK Nordersted"]
[Site "?"]
[Date "2015.12.13"]
[Round "4.6"]
[White "Nisipeanu, Liviu-Dieter"]
[Black "Powierski, Emil"]
[Result "1-0"]
[WhiteElo "2675"]
[BlackElo "2281"]
[PlyCount "85"]
[EventDate "2015.??.??"]

1. Nf3 Nf6 2. g3 c5 3. Bg2 g6 4. b3 Bg7 5. Bb2 O-O 6. O-O Nc6 7. c4 d5 8. Ne5
Nxe5 9. Bxe5 dxc4 10. bxc4 Nd7 11. Bxg7 Kxg7 12. Nc3 Rb8 13. Qa4 Nb6 14. Qa3
Nxc4 15. Qxa7 Be6 16. d3 Qa5 17. Qxa5 Nxa5 18. Rfb1 Nc6 19. Rb6 c4 20. dxc4
Bxc4 21. Bxc6 bxc6 22. Rxc6 Rfc8 23. Rxc8 Rxc8 24. a4 Kf6 25. Rc1 Ke5 26. Nb5
Kd5 27. f3 Rc5 28. Nc3+ Ke5 29. Ne4 Rc6 30. Kf2 Bd5 31. Rxc6 Bxc6 32. a5 h6 33.
Ke3 Kd5 34. Nf2 Kc5 35. h4 Kb5 36. Ng4 h5 37. Nh6 Be8 38. Ng8 e6 39. Nf6 Bc6
40. g4 Kxa5 41. gxh5 gxh5 42. Nxh5 Kb6 43. Nf6 1-0

[Event "BL 1516 OSG Baden Baden - SK Nordersted"]
[Site "?"]
[Date "2015.12.13"]
[Round "4.7"]
[White "Meyer, Falko"]
[Black "Gustafsson, Jan"]
[Result "1/2-1/2"]
[WhiteElo "2219"]
[BlackElo "2630"]
[PlyCount "219"]
[EventDate "2015.??.??"]

1. d4 Nf6 2. Nc3 d5 3. Bg5 Nbd7 4. Qd3 g6 5. O-O-O Bg7 6. f3 c5 7. dxc5 O-O 8.
Nxd5 Qa5 9. Qa3 Qxa3 10. Nxe7+ Kh8 11. bxa3 Nxc5 12. Bxf6 Bxf6 13. Nd5 Bg7 14.
e4 f5 15. h4 fxe4 16. h5 g5 17. h6 Be5 18. Rh5 Bf5 19. Rxg5 Ne6 20. Rxf5 Rxf5
21. fxe4 Rh5 22. Nf3 Bd6 23. Kb2 Rxh6 24. e5 Bf8 25. Bd3 Rd8 26. c4 Bg7 27. Bf5
Rf8 28. g4 Rh3 29. Rf1 Rg3 30. Kb1 Nd8 31. Nf4 Rxg4 32. Bxg4 Rxf4 33. Rd1 Nc6
34. Bh5 Bxe5 35. Rd7 Rf5 36. Bg4 Rf4 37. Bh5 b6 38. Ng5 Bg7 39. Bf3 Ne5 40.
Rd8+ Rf8 41. Rxf8+ Bxf8 42. Bd5 Ng4 43. Kb2 Be7 44. Ne4 Kg7 45. Be6 Ne5 46. a4
a5 47. Kc3 Bc5 48. Kd2 Bd4 49. Ke2 h5 50. Ng3 Kf6 51. Bc8 Kg5 52. Ne4+ Kf4 53.
Nf6 h4 54. Nh5+ Kg5 55. Ng7 Bc5 56. Ne6+ Kf6 57. Nf4 Nxc4 58. Kf3 Ne5+ 59. Ke4
Nc6 60. Bh3 Nd4 61. Ng2 Kg5 62. Ne1 Ne2 63. Nf3+ Kh5 64. Kf5 Ng3+ 65. Kf4 Bd6+
66. Ke3 Ba3 67. Ne5 Bc1+ 68. Kf3 Bb2 69. Nc4 Bd4 70. Nd2 Kg6 71. Kg4 Bf6 72.
Bg2 Ne2 73. Be4+ Kf7 74. Bd5+ Ke8 75. Ne4 Be7 76. Bc4 Nd4 77. Bf1 Kd7 78. Kf4
Kc7 79. Ke5 Nc2 80. Ke6 Bd8 81. Nc3 Kc6 82. Ne4 Nb4 83. Bb5+ Kc7 84. Nc3 h3 85.
Bf1 h2 86. Bg2 Nd3 87. Nd5+ Kc8 88. Kd6 Ne1 89. Be4 Nc2 90. Bf5+ Kb8 91. Be4
Nd4 92. Kd7 Bh4 93. Nxb6 Ne2 94. Kc6 Be1 95. Bg2 Ka7 96. Nc4 Ka6 97. Ne3 Ng3
98. Nd5 h1=Q 99. Nc7+ Ka7 100. Bxh1 Nxh1 101. Nb5+ Kb8 102. Nd6 Nf2 103. Nc4
Ne4 104. Kb6 Nc3 105. Kxa5 Kc7 106. Kb4 Nxa2+ 107. Kb3 Nc3 108. Nb2 Nxa4 109.
Nxa4 Bb4 110. Kxb4 1/2-1/2

[Event "BL 1516 OSG Baden Baden - SK Nordersted"]
[Site "?"]
[Date "2015.12.13"]
[Round "4.8"]
[White "Schlosser, Philipp"]
[Black "Kahlert, Thomas"]
[Result "1-0"]
[WhiteElo "2575"]
[BlackElo "2173"]
[PlyCount "87"]
[EventDate "2015.??.??"]

1. Nf3 Nf6 2. c4 g6 3. Nc3 d5 4. cxd5 Nxd5 5. Qb3 Nb6 6. d4 Bg7 7. e4 O-O 8.
Be3 Bg4 9. O-O-O a5 10. Kb1 a4 11. Qc2 a3 12. b3 Nc6 13. Nb5 f5 14. d5 Nb4 15.
Qd2 Na6 16. h3 Bxf3 17. gxf3 e6 18. d6 c6 19. Nxa3 Qf6 20. Bd4 Qxd4 21. Qxd4
Bxd4 22. Rxd4 fxe4 23. fxe4 e5 24. Rd1 Nc5 25. Nc4 Nbd7 26. Nd2 Rxf2 27. b4 Na4
28. Bc4+ Kg7 29. Kc2 Nab6 30. Bb3 c5 31. Rhf1 Raf8 32. Kc3 Rxf1 33. Rxf1 Rxf1
34. Nxf1 Kf6 35. Ne3 h5 36. a4 cxb4+ 37. Kxb4 Nc8 38. Nc4 g5 39. Bd1 Ke6 40.
Bxh5 Nxd6 41. Bg4+ Ke7 42. Nxd6 Kxd6 43. Bxd7 Kxd7 44. Kc5 1-0

[Event "BL 1516 Bayern München - Hamburger SK"]
[Site "?"]
[Date "2015.12.13"]
[Round "4.2"]
[White "Gabriel, Christian"]
[Black "Miton, Kamil"]
[Result "1/2-1/2"]
[WhiteElo "2495"]
[BlackElo "2608"]
[PlyCount "35"]
[EventDate "2015.??.??"]

1. d4 Nf6 2. c4 e6 3. Nc3 Bb4 4. e3 O-O 5. Bd3 d5 6. Nf3 b6 7. O-O Ba6 8. cxd5
Bxd3 9. Qxd3 exd5 10. Rd1 Re8 11. b3 Nbd7 12. Bb2 c6 13. Rac1 Qc7 14. Qa6 Nb8
15. Qd3 Nbd7 16. Qa6 Nb8 17. Qd3 Nbd7 18. Qa6 1/2-1/2

[Event "BL 1516 Bayern München - Hamburger SK"]
[Site "?"]
[Date "2015.12.13"]
[Round "4.3"]
[White "Svane, Rasmus"]
[Black "Bischoff, Klaus"]
[Result "1/2-1/2"]
[WhiteElo "2529"]
[BlackElo "2497"]
[PlyCount "44"]
[EventDate "2015.??.??"]

1. Nf3 Nf6 2. c4 b6 3. g3 Bb7 4. Bg2 e6 5. O-O c5 6. Nc3 Be7 7. d4 Ne4 8. d5
Nxc3 9. bxc3 Bf6 10. e4 e5 11. a4 O-O 12. Be3 d6 13. Qb3 Bc8 14. Ne1 Nd7 15.
Nd3 g6 16. f4 exf4 17. gxf4 Bg7 18. Bf2 f5 19. exf5 Rxf5 20. Rae1 Nf6 21. Bg3
Nh5 22. Bh3 Rf8 1/2-1/2

[Event "BL 1516 Bayern München - Hamburger SK"]
[Site "?"]
[Date "2015.12.13"]
[Round "4.4"]
[White "Schenk, Andreas"]
[Black "Lampert, Jonas"]
[Result "1/2-1/2"]
[WhiteElo "2479"]
[BlackElo "2463"]
[PlyCount "136"]
[EventDate "2015.??.??"]

1. d4 d5 2. c4 c6 3. Nf3 Nf6 4. e3 Bg4 5. h3 Bh5 6. Nc3 e6 7. g4 Bg6 8. Ne5
Nbd7 9. Nxg6 hxg6 10. a3 Be7 11. Bd2 Nb6 12. c5 Nc4 13. Bxc4 dxc4 14. Qe2 e5
15. Qxc4 exd4 16. exd4 Nxg4 17. d5 Rh4 18. Qe2 cxd5 19. Bg5 Rh5 20. O-O-O Nf6
21. Nxd5 Rxg5 22. Nxf6+ gxf6 23. Rxd8+ Rxd8 24. b4 Rgd5 25. h4 b6 26. h5 Re5
27. Qf3 bxc5 28. hxg6 fxg6 29. Rh8+ Kf7 30. Rxd8 Bxd8 31. Qb7+ Ke8 32. Qc6+ Kf8
33. b5 c4 34. a4 Re8 35. f3 g5 36. Kc2 Re2+ 37. Kd1 Re8 38. Qd6+ Be7 39. Qc7
Bb4 40. Qxc4 Ba5 41. Qc5+ Re7 42. Qc8+ Kf7 43. Qa6 Bb6 44. a5 Be3 45. b6 axb6
46. axb6 Bf4 47. Qc4+ Kg7 48. Qd5 Re8 49. Qd7+ Kf8 50. Qh7 Rb8 51. b7 Rd8+ 52.
Kc2 Be5 53. Kb3 Bf4 54. Kc4 Be5 55. Kc5 Bf4 56. Qh8+ Ke7 57. Qg7+ Ke6 58. Qh7
Be5 59. Qh3+ Ke7 60. Qf5 Bd4+ 61. Kc6 Be5 62. Qh7+ Ke6 63. Qh3+ Ke7 64. Qc8 Bf4
65. Kc5 Be5 66. Kc4 Rd4+ 67. Kb5 Rd8 68. Qc5+ Kf7 1/2-1/2

[Event "BL 1516 Bayern München - Hamburger SK"]
[Site "?"]
[Date "2015.12.13"]
[Round "4.6"]
[White "Mesaros, Florian"]
[Black "Kollars, Dmitrij"]
[Result "0-1"]
[WhiteElo "2371"]
[BlackElo "2419"]
[PlyCount "92"]
[EventDate "2015.??.??"]

1. Nf3 Nf6 2. c4 g6 3. Nc3 Bg7 4. e4 d6 5. d4 O-O 6. Be2 e5 7. O-O exd4 8. Nxd4
Re8 9. f3 c6 10. Bf4 d5 11. cxd5 Nxd5 12. exd5 Qf6 13. Bg3 Qxd4+ 14. Bf2 Qxd1
15. Bxd1 Bxc3 16. bxc3 cxd5 17. Bb3 Be6 18. Rfd1 Nc6 19. Bxd5 Bxd5 20. Rxd5 Re2
21. Rd7 Rb2 22. Kf1 Re8 23. Re1 Rxe1+ 24. Kxe1 Kf8 25. Kf1 Ke8 26. Rc7 a6 27.
Bc5 Rb5 28. Bd4 Rb1+ 29. Kf2 Rb2+ 30. Kf1 Nxd4 31. cxd4 b5 32. a3 Ra2 33. Rc3
Kd7 34. f4 Kd6 35. Re3 Kd5 36. Re7 Rxa3 37. Rxf7 Kxd4 38. Rxh7 b4 39. Rb7 b3
40. f5 gxf5 41. h4 Kc3 42. Rc7+ Kd2 43. Rd7+ Kc2 44. Rc7+ Kb1 45. Rc3 Ka2 46.
h5 b2 0-1

[Event "BL 1516 Bayern München - Hamburger SK"]
[Site "?"]
[Date "2015.12.13"]
[Round "4.7"]
[White "Sebastian, Dirk"]
[Black "Belezky, Alexander"]
[Result "1-0"]
[WhiteElo "2445"]
[BlackElo "2463"]
[PlyCount "99"]
[EventDate "2015.??.??"]

1. e4 c5 2. Nf3 d6 3. Bc4 Nc6 4. O-O Nf6 5. d3 e6 6. Nbd2 Be7 7. a3 O-O 8. Re1
Qc7 9. Ba2 b5 10. Nf1 a5 11. Ng3 b4 12. Bf4 bxa3 13. bxa3 e5 14. Be3 Nd4 15. h3
Rb8 16. c3 Nxf3+ 17. Qxf3 Be6 18. Nf5 Rb2 19. Bb1 Rfb8 20. Nxe7+ Qxe7 21. d4
Bc4 22. Qd1 Qc7 23. Bg5 Nd7 24. Bd3 Bxd3 25. Qxd3 c4 26. Qg3 f6 27. Bh6 Nf8 28.
Rad1 Kh8 29. Bc1 R2b3 30. dxe5 dxe5 31. Rd5 Ne6 32. Red1 Rb1 33. Kh2 Nc5 34.
Qg4 Rg8 35. Be3 Rxd1 36. Rxd1 Nd3 37. Rb1 a4 38. Qe6 h6 39. Qa6 f5 40. Rb7 Qc8
41. Bxh6 Qf8 42. Qg6 fxe4 43. Rf7 Qxf7 44. Qxf7 gxh6 45. Qxc4 Nxf2 46. Qe6 Rg7
47. Qxh6+ Kg8 48. Qe6+ Kh8 49. Qc8+ Rg8 50. Qf5 1-0

[Event "BL 1516 Bayern München - Hamburger SK"]
[Site "?"]
[Date "2015.12.13"]
[Round "4.8"]
[White "Schneider, Stefan"]
[Black "Kramer, Julian"]
[Result "1/2-1/2"]
[WhiteElo "2371"]
[BlackElo "2364"]
[PlyCount "95"]
[EventDate "2015.??.??"]

1. d4 Nf6 2. c4 g6 3. Nc3 d5 4. cxd5 Nxd5 5. e4 Nxc3 6. bxc3 Bg7 7. Nf3 c5 8.
Be3 Qa5 9. Qd2 Nc6 10. Rb1 a6 11. Rc1 cxd4 12. cxd4 Qxd2+ 13. Kxd2 e6 14. Bd3
O-O 15. Rc4 Bd7 16. Rhc1 Rfd8 17. Ke2 h6 18. h4 Be8 19. e5 Rd5 20. Be4 Ra5 21.
R1c2 Bf8 22. Bd2 Ra3 23. Bc1 Ra5 24. Bd2 Rb5 25. a4 Rb3 26. d5 exd5 27. Bxd5
Ne7 28. Be4 Bc6 29. Nd4 Bxe4 30. Nxb3 Bxc2 31. Rxc2 Nd5 32. Rc4 Re8 33. f4 f6
34. Rd4 Ne7 35. Rd7 fxe5 36. fxe5 b5 37. axb5 axb5 38. Rb7 Nd5 39. Kf3 Rxe5 40.
Nd4 b4 41. Rb5 Bg7 42. Nc6 Rf5+ 43. Kg3 Bf8 44. Rb8 Kg7 45. Rb7+ Kg8 46. Rb8
Kg7 47. Rb7+ Kg8 48. Rb8 1/2-1/2

[Event "BL 1516 Werder Bremen - SG Turm Trier"]
[Site "?"]
[Date "2015.12.13"]
[Round "4.1"]
[White "Erdos, Viktor"]
[Black "Fressinet, Laurent"]
[Result "1/2-1/2"]
[WhiteElo "2615"]
[BlackElo "2707"]
[PlyCount "48"]
[EventDate "2015.??.??"]

1. Nf3 d5 2. g3 Bg4 3. Bg2 e6 4. c4 c6 5. O-O Nf6 6. cxd5 Bxf3 7. Bxf3 cxd5 8.
d4 Nc6 9. e3 Be7 10. Nc3 O-O 11. Bd2 Nd7 12. Qe2 Nb6 13. Rfd1 Qd7 14. Be1 Rac8
15. Bg2 Rfd8 16. b3 a6 17. Qb2 Rc7 18. Rac1 Rdc8 19. Nb1 Bd6 20. Bc3 Qe7 21.
Qe2 Nd7 22. Bb2 Nf6 23. a3 h6 24. Qd3 Qf8 1/2-1/2

[Event "BL 1516 Werder Bremen - SG Turm Trier"]
[Site "?"]
[Date "2015.12.13"]
[Round "4.2"]
[White "Bluebaum, Matthias"]
[Black "Lupulescu, Constantin"]
[Result "1/2-1/2"]
[WhiteElo "2590"]
[BlackElo "2627"]
[PlyCount "61"]
[EventDate "2015.??.??"]

1. d4 Nf6 2. c4 e6 3. Nf3 d5 4. Nc3 Be7 5. g3 O-O 6. Bg2 dxc4 7. Ne5 Nc6 8.
Bxc6 bxc6 9. Nxc6 Qe8 10. Nxe7+ Qxe7 11. Qa4 c5 12. dxc5 Qxc5 13. Be3 Qc7 14.
f3 Nd5 15. Bf2 Nxc3 16. bxc3 e5 17. O-O e4 18. Qb5 exf3 19. exf3 a6 20. Qc5
Qxc5 21. Bxc5 Re8 22. g4 h5 23. h3 Rb8 24. Rab1 Rxb1 25. Rxb1 Re5 26. Bd4 Rb5
27. Rxb5 axb5 28. Kf2 hxg4 29. hxg4 f6 30. Kg3 Kf7 31. a3 1/2-1/2

[Event "BL 1516 Werder Bremen - SG Turm Trier"]
[Site "?"]
[Date "2015.12.13"]
[Round "4.3"]
[White "Parligras, Mircea-Emilian"]
[Black "Hracek, Zbynek"]
[Result "0-1"]
[WhiteElo "2586"]
[BlackElo "2596"]
[PlyCount "50"]
[EventDate "2015.??.??"]

1. d4 Nf6 2. c4 e6 3. Nf3 b6 4. g3 Ba6 5. b3 d5 6. Bg2 Bb4+ 7. Bd2 Be7 8. O-O
O-O 9. cxd5 exd5 10. Nc3 Re8 11. Qc2 c5 12. dxc5 Nc6 13. cxb6 axb6 14. a4 Nb4
15. Qb2 Bc5 16. Bg5 h6 17. Bxf6 Qxf6 18. Qd2 d4 19. Nb5 Bxb5 20. axb5 Rxa1 21.
Rxa1 d3 22. Re1 Nc2 23. Rc1 Rxe2 24. Qxd3 Rxf2 25. Kh1 Rxg2 0-1

[Event "BL 1516 Werder Bremen - SG Turm Trier"]
[Site "?"]
[Date "2015.12.13"]
[Round "4.4"]
[White "Nyback, Tomi"]
[Black "Jaracz, Pawel"]
[Result "1/2-1/2"]
[WhiteElo "2575"]
[BlackElo "2497"]
[PlyCount "44"]
[EventDate "2015.??.??"]

1. d4 d5 2. c4 c6 3. Nf3 Nf6 4. e3 a6 5. Bd3 Bg4 6. Nbd2 e6 7. b3 c5 8. dxc5
Bxc5 9. O-O Nc6 10. Bb2 dxc4 11. Bxc4 O-O 12. Be2 Qe7 13. Bxf6 Qxf6 14. Ne4 Qe7
15. Nxc5 Qxc5 16. Qc1 Qe7 17. Qb2 Rac8 18. Rac1 Rc7 19. h3 Bh5 20. Nd4 Bxe2 21.
Nxc6 Rxc6 22. Qxe2 Rfc8 1/2-1/2

[Event "BL 1516 Werder Bremen - SG Turm Trier"]
[Site "?"]
[Date "2015.12.13"]
[Round "4.5"]
[White "Cyborowski, Lukasz"]
[Black "Babula, Vlastimil"]
[Result "1/2-1/2"]
[WhiteElo "2517"]
[BlackElo "2566"]
[PlyCount "42"]
[EventDate "2015.??.??"]

1. c4 e5 2. Nc3 d6 3. g3 f5 4. Bg2 Nf6 5. d3 g6 6. e4 Bg7 7. Nge2 O-O 8. O-O
Nc6 9. Nd5 Ne8 10. h3 Nd4 11. Nxd4 exd4 12. exf5 c6 13. f6 Nxf6 14. Nxf6+ Qxf6
15. f4 Be6 16. Bd2 Qf7 17. b3 h5 18. Kh2 Qd7 19. Qc2 Rae8 20. Rae1 Bf5 21. Bc1
Re6 1/2-1/2